Diccionario geografico, estadistico, historico de la Isla de Cuba / (Record no. 162010)

MARC details
000 -LEADER
campo de control de longitud fija 00851nam a22002055i 4500
001 - NÚMERO DE CONTROL
campo de control 162010
003 - IDENTIFICADOR DE NÚMERO DE CONTROL
campo de control ES-MaACL
005 - FECHA Y HORA DE LA ÚLTIMA TRANSACCIÓN
campo de control 20230906212414.0
008 - DATOS DE LONGITUD FIJA--INFORMACIÓN GENERAL
campo de control de longitud fija 980721m18631866sp |||| | spa d
040 ## - FUENTE DE CATALOGACIÓN
Centro catalogador/agencia de origen CCPB | B
Lengua de catalogación spa
Centro/agencia transcriptor CCPB | B
100 1# - ENTRADA PRINCIPAL--NOMBRE DE PERSONA
Nombre de persona Pezuela, Jacobo de la.
9 (RLIN) 131083
245 10 - MENCIÓN DEL TÍTULO
Título Diccionario geografico, estadistico, historico de la Isla de Cuba /
Mención de responsabilidad, etc. por don Jacobo de la Pezuela.
260 ## - PUBLICACIÓN, DISTRIBUCIÓN, ETC.
Lugar de publicación, distribución, etc. [Madrid] :
Nombre del editor, distribuidor, etc. [s.n.],
Fecha de publicación, distribución, etc. 1863-1866 (
Fabricante Imprenta del Establecimiento de Méllado, a cargo de don Joaquin Bernat)
300 ## - DESCRIPCIÓN FÍSICA
Extensión 4 v. ;
Dimensiones 28 cm.
510 4# - NOTA DE CITAS O REFERENCIAS BIBLIOGRÁFICAS
Nombre de la fuente Palau,
Localización dentro de la fuente 224588
596 ## - NOTA AL PIE DE IMPRENTA
NOTA AL PIE DE IMPRENTA En el tomo cuarto: Imprenta del Banco Industrial y Mercantil (1866)
597 ## - NOTA DE DESCRIPCIÓN FÍSICA
NOTA DE DESCRIPCIÓN FÍSICA T.I (216, 412 p.) -- T.II ( 572 p.) -- T.III (621 p.) -- T.IV (696 p.)
651 #4 - PUNTO DE ACCESO ADICIONAL DE MATERIA--NOMBRE GEOGRÁFICO
Nombre geográfico Cuba-
Subdivisión general Geografía-
Subdivisión de forma Diccionarios.
9 (RLIN) 137106
852 ## - LOCALIZACIÓN
Ubicación ES-MaACL
Número de control de estantería G-868-71
Nota libre -- Enc. hol.
Holdings
Estatus retirado Estado de pérdida Estado de daño No para préstamo Colección Biblioteca de origen Biblioteca actual Ubicación en estantería Fecha de adquisición Total de préstamos Signatura topográfica completa Código de barras Visto por última vez Precio de reemplazo Tipo de ítem Koha
        Colección de referencia Biblioteca del Ateneo de Madrid Biblioteca del Ateneo de Madrid Depósito 2 17/01/2008   G-868-71 1169710 23/02/2023 23/02/2023 Libro impreso antiguo